000
00195nam a2200085 4500
001
1255607
005
20251210134404.0
245
_a
YILDIZLARA YAKIN
_c
METİN ÖZDAMARLAR
260
_b
TİMAŞ YAYINLARI
999
_c
1255607
_d
1255607